Statistics for Ultimate Shadow of War Quiz

Click here to take the quiz!

General Stats

  • This quiz has been taken 480 times
    (382 since last reset)
  • The average score is 18 of 39

Answer Stats

HintAnswer% Correct
Man who was taken over by the Elf Lord after he was killed by the Black HandTalion
95%
Evil ring bearer that taught the Elf Lord how to craft the rings of powerSauron
88%
The Elf Lord's nameCelebrimbor
83%
Leader of the NazgulWitch King of Angmar
81%
Renamed city of Minas IthilMinas Morgul
74%
Probably the only black guy in the game (Not trying to be racist)Baranor
68%
Traitor orc that killed you, but eventually turned insaneBruz
66%
Small cowardly orc that makes a return from the previous gameRatbag
66%
King of Minas IthilCastamir
65%
The person that helps to defeat the Nazgul. Also called the light of GaladrielEltariel
58%
Lion-like beasts that you can mountCaragors
57%
The spider lady that gave the Elf Lord visions of the future.Shelob
55%
Daughter of CastamirIdril
54%
Giant beasts that smash and throwGraugs
53%
The pet of this cowardly orcRanger
53%
Orc tribe that is very dark and mysterious. They are big Sauron fanaticsDark Tribe
49%
Small flesh eatersGhuls
48%
The cursed dark necromancerZog
48%
Basically DragonsDrakes
45%
Orc tribe that is covered is gold armorMarauder Tribe
45%
Orc tribe that is somewhat magical and very powerfulMystic Tribe
44%
Nazgul that wields a hammer, hence the nameHelm Hammerhand
42%
Orc tribe that is dedicated to fire, lava, and lots of pollutionMachine Tribe
42%
Bloody tribe that costs extra moneySlaughter Tribe
42%
Orc tribe that is common. They are hungry for warWarmonger Tribe
42%
Monster that necromancer tries to summonBalrog
41%
Orc tribe that are beastmasters and have many trinkets from their huntsFeral Tribe
41%
Orc tribe dedicated to pain and deathTerror Tribe
41%
Killing tribe that costs extra moneyOutlaw Tribe
34%
The mother of a horde of flesh eatersGhul Matron
29%
Bodyguard that comes after you defeat Bruz's goonsDaz
27%
Bruz's two goons that come after you, after you make Bruz insaneBaz and Gaz
26%
First Nazgul that you encounter at the cursed Minas IthilSuladan
25%
Nazgul that chopped of Sauron's handIslidur
11%
Sieges that occur after Talion takes Islidur's ringThe Shadow Wars
8%
The forest spirit that helped defeat the cursed necromancerCarnain
5%
Setting where Desolation of Mordor takes placeLithilad
5%
Blade of Galadriel main anatgonistsThe Nazgul Sisters
5%
Preplaced overlord in Blade of GaladrielAkoth Slayer of the Dead
4%

Score Distribution

Percentile by Number Answered

Percent of People with Each Score

Your Score History

You have not taken this quiz since the last reset